000 00378 a2200157 4500
001 10709
020 _a9788516084769
040 _cAnchieta - Aquarius
100 _aAlbuquerque, Wlamyra R. de
240 1 0 _aO que há de África em nós
_lpor
245 1 0 _aO que há de África em nós
300 _a
362 0 _a2013
650 4 _aLiteratura infanto-juvenil
942 _cBK
999 _c10709
_d10709